| 000 | 00629nam a22001577a 4500 | ||
|---|---|---|---|
| 999 |
_c61444 _d61444 |
||
| 005 | 20240313174529.0 | ||
| 008 | 240313s1970 ru ||||| |||| 00| 0 rus d | ||
| 041 | _arus | ||
| 080 | _a631 Y-91 | ||
| 245 |
_aУчёные земледельцы древней Италии / _cПер. с латинского М.Е. Сергеенко. |
||
| 264 |
_aЛенинград: _bНаука, _c1970. |
||
| 300 |
_a291 с.; _b22 см. |
||
| 653 | _aძველი იტალიის მეცნიერი ფერმერები | ||
| 700 |
_aСергеенко, М.Е. _eმთარგმნელი _920428 |
||
| 942 |
_2udc _cBK |
||